1494 1790 1947 1429 1755 1714 1162 1904 1462 1694 1698 1928 1428 1030 1311 1668 1491 1122 1171 1910 1623 1124 1327 1371 1910 1280 1391 1780 1263 1602 1668 1379 1727 1596 1053 1826 1127 1462 1977 1244 1898 1494 1732 1108 1084 1569 1981 1910 1450 1605 1010 1179 1380 1592 1473 1243 1360 1659 1011 1086 1478 1847 1603 1164 1262 1556 1200 1410 1377 1937 1838 1220 1918 1289 1647 1023 1030 1582 1628 1687 1516 1162 1979 1296 1575 1205 1413 1610 1306 1258 1274 1077 1152 1938 1407 1670 1867 1639 1405 BCNSPRNW ULIB Ver.6.0+V

เปลี่ยนเป็นภาษาไทย

Change to English
 แสดงรายละเอียดบรรณานุกรม
  กลับหน้าหลัก

Brief Record : Get Marc (ISO 2709) : E-mail record : QR code < ปิดหน้าต่าง
LEADER : 00000nam 2200000uu 4500
001    13399120408
003     ULIB
008    120919s2549||||th 000 0 tha d
020    ^a9749922484 (ล.1)
060 04 ^aWB115^bว367ต ล.1 2549
245 00 ^aตำราอายุรศาสตร์ 1/^cวิทยา ศรีดามา, บรรณาธิการ
250    ^aพิมพ์ครั้งที่ 5 (ฉบับปรับปรุงแก้ไข)
260    ^aกรุงเทพฯ :^bโครงการตำราจุฬาอายุรศาสตร์ ภาควิชาอายุรศาสตร์คณะแพทยศาสตร์ จุฬาลงกรณ์มหาวิทยาลัย,^c2549
300    ^a4ล. :^bภาพประกอบสี ;^c26 ซม.
650  7 ^aอายุรศาสตร์^xรวมเรื่อง
650  7 ^aการรักษาโรค
650  7 ^aพิษวิทยา
650  7 ^aประสาทวิทยา
650  7 ^aข้อและรูมาติซั่ม, โรค
650  7 ^aภูมิคุ้มกัน, วิทยา
650  7 ^aภูมิไวเกิน
650  7 ^aโลหิตวิทยา
700 0  ^aวิทยา ศรีดามา,^eบรรณาธิการ
710 2  ^aจุฬาลงกรณ์มหาวิทยาลัย. ^bคณะแพทยศาสตร์.^bโครงการตำราอายุรศาสตร์
945    ^p300^l0^i14128
995    ^aกัณชพร
999 ^a ใช้งานได้ทุกระบบ
รายการนี้ยังไม่มีแท็ก
คุณยังไม่ได้ล็อกอิน คุณสามารถมีกิจกรรมร่วมกับเว็บไซต์ได้ แต่ต้องล็อกอินก่อน ::
  ล็อกอิน

รายการสื่อสารสนเทศ

ลำดับที่ ประเภท เลขเรียก/บาร์โค้ด สถานที่ สถานะ
1. วิทยาศาสตร์การแพทย์ และสุขภาพ
วิทยาศาสตร์การแพทย์ และสุขภาพ
WB115 ว367ต ล.1 2549  
  Barcode: 14128
ห้องสมุดวิทยาเขตสวรรค์ประชารักษ์
►หนังสือทั่วไป
บนชั้น

รายการใกล้เคียง
    หัวเรื่อง [การรักษาโรค]
    หัวเรื่อง [พิษวิทยา]
    หัวเรื่อง [ประสาทวิทยา]
    หัวเรื่อง [ภูมิคุ้มกัน, วิทยา]
    หัวเรื่อง [ภูมิไวเกิน]
    หัวเรื่อง [โลหิตวิทยา]

BibComment


ยังไม่เคยถูกคอมเมนท์

คอมเมนท์ทรัพยากรรายการนี้
  คอมเมนท์: ตำราอายุรศาสตร์ ..


 Copyright 2026. Bcnsprnw @Library